Dobrovoľné príspevky na verejné statky: spoločenskoekonomické súvislosti a význam občianskeho crowdfundingu

Prienik behaviorálneho prístupu do ekonomických modelov a tvorba politiky sa v poslednej dobe pomerne rozšírila. Zasiahlo to aj oblasť financovania a poskytovania verejných statkov. V súčasnej ekonomicky zložitej situácii nastolila otázku, či je možné financovať aj verejné statky a služby súkromným...

Ausführliche Beschreibung

Gespeichert in:
Bibliographische Detailangaben
1. Verfasser: Sirakovová, Eva, 1994-
Weitere Verfasser: Čaplánová, Anetta, 1967-
Format: Buchkapitel
Sprache:Slowakisch
Schlagworte:
Tags: Tag hinzufügen
Keine Tags, Fügen Sie das erste Tag hinzu!

MARC

LEADER 00000naa a2200000 4500
001 0294234
005 20240502074504.2
041 0 |a slo 
044 |a SK 
245 1 0 |a Dobrovoľné príspevky na verejné statky: spoločenskoekonomické súvislosti a význam občianskeho crowdfundingu  |c Eva Sirakovová, Anetta Čaplánová 
520 |a Prienik behaviorálneho prístupu do ekonomických modelov a tvorba politiky sa v poslednej dobe pomerne rozšírila. Zasiahlo to aj oblasť financovania a poskytovania verejných statkov. V súčasnej ekonomicky zložitej situácii nastolila otázku, či je možné financovať aj verejné statky a služby súkromným sektorom. Prehľad alternatívnych mechanizmov financovania verejných statkov s osobitným dôrazom na dobrovoľný príspevkový mechanizmus. Vysvetlenie, ktoré faktory motivujú ľudí k dobrovoľne prispievať na financovanie verejnoprospešných projektov. Skúmané je správanie a sociologické faktory ako altruizmus, reciprocita a podmienená spolupráca jednotlivcov prispievať na financovanie verejných statkov. Jedným z existujúcich alternatív je občiansky crowdfunding, ktorý poskytuje inštitucionálny mechanizmus pre individuálnu dobrovoľnosť. 
610 2 0 |a financovanie 
610 2 0 |a projekty 
610 2 0 |a behaviorizmus 
610 2 0 |a statky verejné 
610 2 0 |a dobrovoľníctvo 
610 2 0 |a crowdfunding 
610 2 0 |a investovanie 
100 1 |a Sirakovová, Eva, 1994- 
700 1 |a Čaplánová, Anetta, 1967-